Etnocentrizmus ako faktor ovplyvňujúci spotrebiteľské správanie slovenských spotrebiteľov

Spotrebiteľský etnocentrizmus a spotrebiteľské postoje k zahraničným produktom. Škála spotrebiteľského etnocentrizmu a zisťovanie stupňa prijatia alebo odmietnutia zahraničných produktov. Výskum a faktory ovplyvňujúce spotrebiteľské správanie slovenských spotrebiteľov.

Uložené v:
Podrobná bibliografia
Hlavný autor: Zajková, Daniela
Médium: Kapitola
Jazyk:Slovak
Predmet:
Tagy: Pridať tag
Žiadne tagy, Buďte prvý, kto otaguje tento záznam!

MARC

LEADER 00000nla$a2200000$$$4500
001 0129958
005 20221103134347.4
041 0 |a slo 
044 |a SK 
245 1 0 |a Etnocentrizmus ako faktor ovplyvňujúci spotrebiteľské správanie slovenských spotrebiteľov  |c Daniela Zajková 
520 |a Spotrebiteľský etnocentrizmus a spotrebiteľské postoje k zahraničným produktom. Škála spotrebiteľského etnocentrizmu a zisťovanie stupňa prijatia alebo odmietnutia zahraničných produktov. Výskum a faktory ovplyvňujúce spotrebiteľské správanie slovenských spotrebiteľov. 
610 2 0 |a Slovensko 
610 2 0 |a spotrebitelia 
610 2 0 |a produkty 
610 2 0 |a manažment produktový 
610 2 0 |a výrobky 
610 2 0 |a tovar 
610 2 0 |a ceny spotrebiteľské 
610 2 0 |a kvalita výrobkov 
610 2 0 |a kvalita tovaru 
610 2 0 |a správanie spotrebiteľa 
610 2 0 |a spokojnosť zákazníkov 
100 1 |a Zajková, Daniela